00386nam a22001457a 450000500170000000800410001702200130005804100120007108200120008310000130009524500280010826000470013630000310018365000260021420240411070344.0240411b |||||||| |||| 00| 0 eng d a0258249X aEnglish a349 IND lEnglish  aIndustrial Law Journal  aCape Town: bJuta and Company Ltd, c2012  bvii, 301 pages ; c25 cm.  aLegal practice bLaw